My Years with General Motors
Na minha lista:
| Autor principal: | |
|---|---|
| Formato: | Livro |
| Idioma: | inglês |
| Publicado em: |
New York
Doubleday
1990
|
| Edição: | 1. ed. |
| Tags: |
Sem tags, seja o primeiro a adicionar uma tag!
|
MARC
| LEADER | 00000nam a2200000 4500 | ||
|---|---|---|---|
| 001 | c024014 | ||
| 005 | 20230227122438.6 | ||
| 041 | 0 | |a eng | |
| 044 | |a US | ||
| 245 | 1 | 0 | |a My Years with General Motors |c Alfred P. Sloan |
| 250 | |a 1. ed. | ||
| 264 | 1 | |a New York |b Doubleday |c 1990 | |
| 300 | |a 472 s. | ||
| 100 | 1 | |a Sloan, Alfred P. | |